<?xml version="1.0" encoding="UTF-8"?>
<collection xmlns="http://www.loc.gov/MARC21/slim">
 <record>
  <leader>     na                 </leader>
  <controlfield tag="001">INLIS000000000021170</controlfield>
  <controlfield tag="005">20230524093529</controlfield>
  <datafield tag="035" ind1=" " ind2=" ">
   <subfield code="a">0010-0523000509</subfield>
  </datafield>
  <controlfield tag="007">ta</controlfield>
  <controlfield tag="008">230524                g          0 ind  </controlfield>
  <datafield tag="020" ind1=" " ind2=" ">
   <subfield code="a">978-979-662-608-3</subfield>
  </datafield>
  <datafield tag="082" ind1=" " ind2=" ">
   <subfield code="a">R.370.114 03</subfield>
  </datafield>
  <datafield tag="084" ind1=" " ind2=" ">
   <subfield code="a">R.370.114 03 YAN h</subfield>
  </datafield>
  <datafield tag="100" ind1="0" ind2=" ">
   <subfield code="a">Yana Suryana</subfield>
   <subfield code="e">Pengarang</subfield>
  </datafield>
  <datafield tag="245" ind1="1" ind2=" ">
   <subfield code="a">Hak Asasi Manusia Dan Kebutuhan Warga Negara :</subfield>
   <subfield code="b">Ensiklopedia  Pendidikan Pancasila Dan Kewarganegaraan</subfield>
  </datafield>
  <datafield tag="300" ind1=" " ind2=" ">
   <subfield code="a">iv + 76 halaman :</subfield>
   <subfield code="b">Ilustrasi [Warna] ;</subfield>
   <subfield code="c">29,7 cm</subfield>
  </datafield>
  <datafield tag="650" ind1=" " ind2="4">
   <subfield code="a">Pendidikan Moral Pancasila</subfield>
  </datafield>
  <datafield tag="650" ind1=" " ind2="4">
   <subfield code="a">Ensiklopedi</subfield>
  </datafield>
  <datafield tag="520" ind1=" " ind2=" ">
   <subfield code="a">Kami menganggap kebenaran-kebenaran ini tidak perlu disangsikan lagi, bahwa semua manusia diciptakan sama; bahwa mereka dikaruniai penciptanya hak-hak yang tidak bisa dicabut; bahwa hak-hak itu di antaranya adalah hak untuk hidup, hak atas kebebasan, dan hak untuk mengejar kebahagiaan. (Thomas Jefferson)&#13;
Ungkapan Thomas Jefferson di atas menegaskan adanya pengakuan terhadap hak-hak asasi manusia. Sejak lahir, manusia dikaruniai Tuhan hak-hak dasar yang tidak dapat dicabut oieh siapa pun.&#13;
Sebagai negara hukum, Indonesia mengakui adanya hak-hak asasi| manusia. Pengakuan negara Indonesia atas hak-hak asasi manusia ditegaskan dalam Undang-Undang Dasar Negara Republik Indonesia Tahun 1945, khususnya pasal 28A-28J. Pengakuan hak-hak asasi manusia juga ditegaskan dalam Undang-Undang Nomor 39 Tahun 1999 tentang Hak Asasi Manusia dan Undang-Undang Nomor 26 Tahun 2000 tentang Pengadilan Hak Asasi Manusia.&#13;
Sebagai negara yang menjunjung tinggi HAM, Indonesia tidak hanya melindungi hak-hak asasi manusia, tetapi juga melindungi kebutuhan warga negara. Kebutuhan yang dimaksud meliputi pengakuan harga diri sebagai warga negara Indonesia, kebebasan berorganisasi, kemerdekaan mengeluarkan pendapat, kesempatan memperoleh prestasi diri dan persamaan kedudukan sebagai warga negara Indonesia.&#13;
Buku Ensiklopedia Pendidikan Pancasila dan Kewarganegaraan: Hak Asasi Manusia dan Kebutuhan Warga Negara ini memberi gambaran lengkap tentang hak kebutuhan warga negara. Melalui buku ini Anda dapat memegang tinggi hak-hak asasi manusia dan kebutuhan hak warga negara ikut berpartisipasi dalam upaya menegakkan hak asasi manusia</subfield>
  </datafield>
  <datafield tag="520" ind1=" " ind2=" ">
   <subfield code="a">76 halaman</subfield>
  </datafield>
  <datafield tag="520" ind1=" " ind2=" ">
   <subfield code="a">74-75 halaman</subfield>
  </datafield>
  <datafield tag="264" ind1=" " ind2=" ">
   <subfield code="a">Klaten :</subfield>
   <subfield code="b">Cempaka Putih,</subfield>
   <subfield code="c">2014</subfield>
  </datafield>
  <datafield tag="336" ind1=" " ind2=" ">
   <subfield code="2">rdacontent</subfield>
   <subfield code="a">Teks</subfield>
  </datafield>
  <datafield tag="337" ind1=" " ind2=" ">
   <subfield code="2">rdamedia</subfield>
   <subfield code="a">Tanpa Perantara</subfield>
  </datafield>
  <datafield tag="338" ind1=" " ind2=" ">
   <subfield code="2">rdacarrier</subfield>
   <subfield code="a">Lembar</subfield>
  </datafield>
  <datafield tag="990" ind1=" " ind2=" ">
   <subfield code="a">074750</subfield>
  </datafield>
  <datafield tag="990" ind1=" " ind2=" ">
   <subfield code="a">074751</subfield>
  </datafield>
  <datafield tag="990" ind1=" " ind2=" ">
   <subfield code="a">074752</subfield>
  </datafield>
  <datafield tag="990" ind1=" " ind2=" ">
   <subfield code="a">074751</subfield>
  </datafield>
 </record>
</collection>
